[Event "N�_LL 2007_08"]
[Site "?"]
[Date "2007.11.11"]
[Round "5"]
[White "Teuber, Andreas"]
[Black "Lipp, Alfred"]
[Result "1-0"]
[WhiteElo "2156"]
[BlackElo "2064"]
[Annotator "Niederabsdorf : Zwettl"]
[PlyCount "81"]
[EventDate "2007.??.??"]

1. d4 d5 2. Nf3 e6 3. g3 Nf6 4. Bg2 Be7 5. O-O O-O 6. c3 c5 7. Bg5 Nbd7 8. Nbd2
Qc7 9. Qb3 b6 10. e4 dxe4 11. Nxe4 Nxe4 12. Bxe7 Re8 13. Ng5 Bb7 14. Nxe4 Rxe7
15. dxc5 bxc5 16. Rfd1 Rb8 17. Qa3 Bd5 18. c4 Bxe4 19. Bxe4 Nf6 20. Bf3 Rd7 21.
Rxd7 Nxd7 22. Rd1 Ne5 23. Qc3 h6 24. Be4 f5 25. Bg2 Nf7 26. Re1 Rb6 27. b3 Rd6
28. a3 Qd8 29. Qe3 Qa5 30. b4 cxb4 31. c5 Rd8 32. axb4 Qxb4 33. Rc1 e5 34. c6
e4 35. Qxa7 Qb2 36. Qc5 Ne5 37. c7 Rc8 38. Rd1 Kf7 39. Qd5+ Kf6 40. Qd8+ Kf7
41. Qxc8 1-0

[Event "N�_LL 2007_08"]
[Site "?"]
[Date "2007.11.11"]
[Round "5"]
[White "Wiedermann, Daniel"]
[Black "Wagner, Stefan"]
[Result "0-1"]
[WhiteElo "2078"]
[BlackElo "2126"]
[Annotator "Niederabsdorf : Zwettl"]
[PlyCount "76"]
[EventDate "2007.??.??"]

1. d4 Nf6 2. c4 e6 3. Nc3 Bb4 4. f3 d5 5. a3 Bxc3+ 6. bxc3 c5 7. cxd5 Nxd5 8.
dxc5 Qa5 9. e4 Ne7 10. Be3 O-O 11. Qb3 Nbc6 12. Bb5 f5 13. Bxc6 bxc6 14. Nh3
fxe4 15. fxe4 Rb8 16. Qc2 Ba6 17. Ng5 Bc4 18. Nf3 Rb3 19. Bd4 Qb5 20. a4 Qb7
21. Nd2 Rb2 22. Qc1 Bd3 23. c4 Rc2 24. Qa3 Bxc4 25. Rc1 Rxc1+ 26. Qxc1 Ba6 27.
Qc3 Ng6 28. g3 Qe7 29. Nc4 e5 30. Be3 Qf7 31. Nd2 Rb8 32. h4 Rd8 33. Qa5 Rd3
34. Qxa6 Rxe3+ 35. Kd1 Qa2 36. Qc8+ Nf8 37. Qb8 Qxa4+ 38. Kc1 Rc3+ 0-1

[Event "N�_LL 2007_08"]
[Site "?"]
[Date "2007.11.11"]
[Round "5"]
[White "Vykydal, Frantisek"]
[Black "Kleiser, Gregor"]
[Result "0-1"]
[WhiteElo "2240"]
[BlackElo "2302"]
[Annotator "Niederabsdorf : Zwettl"]
[PlyCount "172"]
[EventDate "2007.??.??"]

1. e4 c5 2. Nc3 Nc6 3. g3 g6 4. Bg2 Bg7 5. d3 d6 6. Be3 Nf6 7. h3 O-O 8. Qd2
Rb8 9. f4 Nd7 10. Nf3 b5 11. O-O b4 12. Nd1 a5 13. c3 Ba6 14. Nf2 a4 15. Nd1
Qa5 16. Rc1 Rb6 17. Rf2 Rfb8 18. c4 Rf8 19. d4 Nf6 20. Qd3 cxd4 21. Nxd4 Nxd4
22. Bxd4 Rbb8 23. b3 axb3 24. axb3 Bb7 25. Ra1 Qc7 26. Re2 Nd7 27. Bxg7 Kxg7
28. Nf2 Nc5 29. Qc2 Qb6 30. Kh2 Kg8 31. Nd3 Ra8 32. Rf1 Ne6 33. Ref2 Ra3 34.
Nc1 Qd4 35. Rd1 Qg7 36. Qd2 Nc5 37. Qxb4 Ra1 38. Qe1 Rfa8 39. b4 Rxc1 40. Rxc1
Nd3 41. Qd2 Nxc1 42. Qxc1 Qd4 43. Rd2 Qe3 44. Rc2 Qd3 45. Rc3 Qe2 46. Re3 Qf2
47. Rf3 Qe2 48. Re3 Qf2 49. Rf3 Qa2 50. Re3 Ra4 51. Qc3 Qb1 52. Re1 Qxb4 53.
Qxb4 Rxb4 54. Rc1 Rb2 55. Kg1 Kg7 56. g4 f6 57. c5 dxc5 58. Rxc5 Rb4 59. Rc7
Kf8 60. Bf1 Bxe4 61. Rc4 Rxc4 62. Bxc4 g5 63. fxg5 fxg5 64. Kf2 e5 65. Ke3 Bg2
66. Kf2 Bc6 67. Ke3 Ke7 68. Bd3 h6 69. Be2 Kd6 70. Bf1 Kc5 71. Be2 Bd5 72. Bf1
Kb4 73. Be2 Kc3 74. Bf1 Bc6 75. Be2 Bg2 76. Ba6 Kc2 77. Be2 Kc1 78. Bd3 Kd1 79.
Ba6 Ke1 80. Bb5 e4 81. Ba6 Bf1 82. Bb7 Bd3 83. Bd5 Kf1 84. Bb3 Kg2 85. Bd1 Kxh3
86. Kf2 Kh4 0-1

[Event "N�-LL 2007_08"]
[Site "?"]
[Date "2007.11.25"]
[Round "6"]
[White "Mahdy, Khaled"]
[Black "Degen, Gerhard"]
[Result "1-0"]
[WhiteElo "2396"]
[BlackElo "2095"]
[Annotator "Schwarzatal : Krems"]
[PlyCount "89"]
[EventDate "2007.10.10"]
[SourceDate "2007.11.30"]

1. e4 c6 2. d4 d5 3. Nd2 dxe4 4. Nxe4 Bf5 5. Ng3 Bg6 6. h4 h6 7. Nf3 Nf6 8. h5
Bh7 9. Bd3 Bxd3 10. Qxd3 e6 11. Bd2 Be7 12. O-O-O Nbd7 13. Rhe1 O-O 14. Kb1 c5
15. d5 c4 16. Qxc4 Nxd5 17. Nf5 Bf6 18. Ne3 Rc8 19. Qb3 Nc5 20. Qa3 Ne4 21.
Nxd5 exd5 22. Be3 Qc7 23. c3 Rfd8 24. Nd4 Qd7 25. Qb3 a5 26. Qb5 Qc7 27. f3 Nd6
28. Qb3 Nc4 29. a4 Re8 30. Nc2 Qg3 31. Bc1 Qxg2 32. Rxe8+ Rxe8 33. Qxb7 Qxf3
34. Qxd5 Qg4 35. Rd4 Bxd4 36. Qxc4 Qxh5 37. cxd4 Qd1 38. d5 Rd8 39. Ne3 Qf3 40.
Qd4 Rc8 41. Bd2 f5 42. d6 Rd8 43. Bxa5 Rd7 44. Bc3 Kh7 45. Qe5 1-0

[Event "N�-LL 2007_08"]
[Site "?"]
[Date "2007.11.25"]
[Round "6"]
[White "Weinwurm, Wolfgang"]
[Black "Winiwarter, Felix"]
[Result "1-0"]
[WhiteElo "2069"]
[BlackElo "2147"]
[Annotator "Schwarzatal : Krems"]
[PlyCount "93"]
[EventDate "2007.10.10"]
[SourceDate "2007.11.30"]

1. e4 e6 2. d4 d5 3. Nc3 Bb4 4. e5 Ne7 5. a3 Bxc3+ 6. bxc3 c5 7. Nf3 Bd7 8. Bd3
Ba4 9. O-O c4 10. Be2 Nd7 11. Re1 h6 12. Rb1 Qc7 13. Bf1 O-O-O 14. g3 g5 15.
Rb4 b5 16. h4 gxh4 17. Nxh4 Rdg8 18. Qh5 Rh7 19. Rb2 Nf8 20. Bh3 Qa5 21. Bd2
Qd8 22. Nf3 Neg6 23. Kf1 Qe7 24. Ra2 Kb7 25. Nh2 Nh8 26. Ng4 Rg5 27. Bxg5 hxg5
28. Nh6 f5 29. Bxf5 exf5 30. Nxf5 Qd7 31. Qxg5 Rh1+ 32. Ke2 Rxe1+ 33. Kxe1 Nf7
34. Qe7 Qxe7 35. Nxe7 Ng5 36. Nxd5 a5 37. Nf6 Kc7 38. f4 Ngh7 39. Nxh7 Nxh7 40.
Kd2 Kc6 41. Ra1 Kd5 42. Rh1 Nf8 43. Rh6 Ne6 44. f5 Ng5 45. Ke3 Ne4 46. f6 Nxg3
47. Rg6 1-0

[Event "N�-LL 2007_08"]
[Site "?"]
[Date "2007.11.25"]
[Round "6"]
[White "W�ber, Friedrich"]
[Black "Braun, Karl Heinz"]
[Result "1/2-1/2"]
[WhiteElo "2103"]
[BlackElo "2036"]
[Annotator "Schwarzatal : Krems"]
[PlyCount "30"]
[EventDate "2007.10.10"]
[SourceDate "2007.11.30"]

1. e4 c5 2. c3 d5 3. exd5 Qxd5 4. d4 cxd4 5. cxd4 e5 6. Nf3 exd4 7. Qxd4 Nf6 8.
Nc3 Qxd4 9. Nxd4 Bb4 10. Ndb5 Na6 11. Bc4 O-O 12. O-O Bd7 13. Be3 Rfc8 14. Be2
Bc5 15. Bxc5 Nxc5 1/2-1/2

[Event "N�-LL 2007_08"]
[Site "?"]
[Date "2007.11.25"]
[Round "6"]
[White "Matevosyan, Andy"]
[Black "Walter, Martin"]
[Result "1-0"]
[WhiteElo "2010"]
[BlackElo "1987"]
[Annotator "Schwarzatal : Krems"]
[PlyCount "79"]
[EventDate "2007.10.10"]
[SourceDate "2007.11.30"]

1. e4 c5 2. Nf3 Nc6 3. d3 d6 4. Nbd2 g6 5. g3 Bg7 6. Bg2 e6 7. O-O Nge7 8. Nh4
O-O 9. f4 f5 10. c3 Rb8 11. Kh1 Kh8 12. Nb3 b6 13. Nf3 Qd7 14. Re1 Bb7 15. Ng5
h6 16. exf5 exf5 17. Ne6 Rf6 18. Nxg7 Kxg7 19. d4 c4 20. Nd2 d5 21. b3 b5 22.
Ba3 Re8 23. Rb1 Na5 24. Qe2 Nac6 25. bxc4 bxc4 26. Kg1 Kf7 27. Rb2 Ba6 28. Bc5
Re6 29. Qxe6+ Qxe6 30. Rxe6 Kxe6 31. Nf3 Nc8 32. Nh4 g5 33. Re2+ Kd7 34. Rxe8
Kxe8 35. fxg5 hxg5 36. Nxf5 Nd8 37. Bxd5 Nb6 38. Bxb6 axb6 39. Bxc4 Bc8 40.
Nd6+ 1-0

[Event "N�-LL 2007_08"]
[Site "?"]
[Date "2007.11.25"]
[Round "6"]
[White "Kummer, Helmut"]
[Black "Trkulja, Zoran"]
[Result "1-0"]
[WhiteElo "2324"]
[BlackElo "2199"]
[Annotator "Bisamberg : Kottingbrunn"]
[PlyCount "99"]
[EventDate "2007.10.10"]
[SourceDate "2007.11.30"]

1. d4 Nf6 2. c4 e6 3. Nf3 b6 4. Nc3 Bb7 5. Bg5 Bb4 6. e3 h6 7. Bh4 Bxc3+ 8.
bxc3 d6 9. Nd2 Nbd7 10. f3 Qe7 11. Qa4 e5 12. e4 O-O 13. Be2 Rfe8 14. O-O Nf8
15. Rfe1 Ng6 16. Bf2 Nf4 17. Bf1 c5 18. g3 Ne6 19. d5 Nf8 20. Bg2 Bc8 21. Nf1
Bd7 22. Qc2 Reb8 23. Ne3 Qe8 24. f4 exf4 25. gxf4 Ng6 26. Bg3 Nh5 27. Qf2 Nxg3
28. hxg3 Qe7 29. Rad1 Qf6 30. e5 dxe5 31. f5 Nf8 32. d6 Re8 33. Bxa8 Rxa8 34.
Ng4 Qg5 35. Nxe5 Bxf5 36. Rd5 Be6 37. Nxf7 Qf6 38. Qxf6 gxf6 39. Nxh6+ Kh7 40.
Rh5 Kg6 41. Rh4 f5 42. Rf1 Rd8 43. Nxf5 Bxf5 44. Rhf4 Rxd6 45. Rxf5 Nh7 46. Rd5
Re6 47. Rfd1 Re4 48. Rd6+ Kf5 49. R1d5+ Kg4 50. Kg2 1-0

[Event "N�-LL 2007_08"]
[Site "?"]
[Date "2007.11.25"]
[Round "6"]
[White "Sadilek, Peter"]
[Black "Lampl, Gerald"]
[Result "0-1"]
[WhiteElo "2110"]
[BlackElo "2094"]
[Annotator "Bisamberg : Kottingbrunn"]
[PlyCount "64"]
[EventDate "2007.10.10"]
[SourceDate "2007.11.30"]

1. e4 c6 2. c4 e5 3. Nf3 Qc7 4. Nc3 Nf6 5. d4 d6 6. h3 Nbd7 7. Be2 Be7 8. O-O
O-O 9. Re1 Re8 10. d5 c5 11. a3 Nf8 12. b4 b6 13. Bd2 Bd7 14. Qc2 Reb8 15. Reb1
Qc8 16. Bf1 Ng6 17. Ne1 Nh5 18. Qd1 Nf6 19. Nd3 Ne8 20. Kh2 f5 21. exf5 Bxf5
22. g4 Bd7 23. bxc5 bxc5 24. Qe2 Qa6 25. Nb5 Bxb5 26. cxb5 Qa4 27. Nb2 Qd4 28.
Be3 Qe4 29. Qd2 Nh4 30. Kg3 Nf3 31. Qd3 Bh4+ 32. Kg2 Ne1+ 0-1

[Event "N�-LL 2007_08"]
[Site "?"]
[Date "2007.11.25"]
[Round "6"]
[White "Zojer, Thomas"]
[Black "Pammer, Andreas"]
[Result "1/2-1/2"]
[WhiteElo "2114"]
[BlackElo "2084"]
[Annotator "Bisamberg : Kottingbrunn"]
[PlyCount "115"]
[EventDate "2007.10.10"]
[SourceDate "2007.11.30"]

1. d4 Nf6 2. Nf3 g6 3. c4 Bg7 4. Nc3 d5 5. cxd5 Nxd5 6. e4 Nxc3 7. bxc3 O-O 8.
Be3 b6 9. Bc4 Nc6 10. Bd5 Bb7 11. O-O e6 12. Bg5 Qe8 13. Bb3 Na5 14. Re1 Nxb3
15. axb3 h6 16. Bf4 Qe7 17. Be5 f6 18. Bf4 g5 19. Bc1 Qf7 20. Ba3 Rfe8 21. Ra2
Rad8 22. Nd2 h5 23. Nf1 Qg6 24. f3 Bh6 25. c4 c5 26. d5 Bf8 27. Rd2 exd5 28.
exd5 Bd6 29. Bb2 Bc8 30. Rxe8+ Rxe8 31. Qa1 Bf4 32. Rf2 a5 33. Bxf6 Qd3 34. Qc3
Qd1 35. Qc2 Qxc2 36. Rxc2 Bf5 37. Ra2 Re1 38. Kf2 Rb1 39. Rb2 Kf7 40. Rxb1 Bxb1
41. Bd8 Bc2 42. Bxb6 Bxb3 43. Bxa5 Bxc4 44. Bb6 Bd6 45. Ne3 Bb3 46. Nf5 Bf8 47.
Ne3 c4 48. Ke2 Bb4 49. Bd8 Kg6 50. h4 gxh4 51. Bxh4 Kf7 52. g4 hxg4 53. fxg4
Bd6 54. Bd8 c3 55. Kd3 c2 56. Nxc2 Bxd5 57. Nd4 Be6 58. Nxe6 1/2-1/2

[Event "N�-LL 2007_08"]
[Site "?"]
[Date "2007.11.25"]
[Round "6"]
[White "Wetscherek, Gerhard"]
[Black "Szvetits, Rene"]
[Result "1-0"]
[WhiteElo "2070"]
[BlackElo "2033"]
[Annotator "Bisamberg : Kottingbrunn"]
[PlyCount "117"]
[EventDate "2007.10.10"]
[SourceDate "2007.11.30"]

1. e4 e5 2. Nf3 Nc6 3. Bc4 Nf6 4. d3 Be7 5. a3 O-O 6. Nc3 d6 7. h3 Rb8 8. O-O
a6 9. Be3 Na5 10. Ba2 c5 11. Nd5 Nxd5 12. Bxd5 Nc6 13. c3 Kh8 14. d4 cxd4 15.
cxd4 f5 16. dxe5 Nxe5 17. Ba7 Ra8 18. Bd4 Ng6 19. exf5 Bxf5 20. Bxb7 Rb8 21.
Bxa6 Qd7 22. Kh2 Bf6 23. Rc1 Nf4 24. Ng1 Rbe8 25. Bxf6 Rxf6 26. Qd4 Be6 27.
Rfe1 Ref8 28. Bf1 Qb7 29. Rc2 Rg6 30. f3 Qd7 31. Re4 Rgf6 32. Rd2 d5 33. Re5
Qc7 34. g3 Ng6 35. Re1 Qd7 36. Bg2 Ne7 37. Rde2 Nf5 38. Qe5 d4 39. Rd2 Rg6 40.
g4 Nh4 41. Rxd4 Qb7 42. Rb4 Qc6 43. Rb8 Rc8 44. Rxc8+ Qxc8 45. f4 h6 46. Be4
Rf6 47. f5 Qd8 48. Qg3 Bd5 49. Bxd5 Qxd5 50. Qxh4 Rc6 51. Re2 Rc1 52. Qg3 Qd1
53. Rf2 h5 54. g5 h4 55. Qxh4+ Kg8 56. Qg3 Kf7 57. g6+ Kf6 58. Qh4+ Ke5 59.
Nf3+ 1-0

[Event "N�-LL 2007_08"]
[Site "?"]
[Date "2007.11.25"]
[Round "6"]
[White "Gr�tz, Harald"]
[Black "Kostic, Vladimir"]
[Result "1-0"]
[WhiteElo "2321"]
[BlackElo "2347"]
[Annotator "P�chlarn : Stockerau"]
[PlyCount "83"]
[EventDate "2007.10.10"]
[SourceDate "2007.11.30"]

1. e4 c5 2. Nf3 Nc6 3. d4 cxd4 4. Nxd4 Nf6 5. Nc3 e5 6. Ndb5 d6 7. Bg5 a6 8.
Na3 b5 9. Nd5 Be7 10. Bxf6 Bxf6 11. c3 O-O 12. Nc2 Bg5 13. a4 bxa4 14. Rxa4 a5
15. Bc4 Rb8 16. Ra2 Kh8 17. Nce3 Ne7 18. b3 Nxd5 19. Nxd5 f5 20. exf5 Bxf5 21.
O-O Rc8 22. Qe2 Be6 23. Qd3 Rc5 24. b4 axb4 25. cxb4 Rxc4 26. Qxc4 Rf4 27. Qc6
Rf8 28. Ra6 e4 29. Ne3 Bg8 30. Qxd6 Qe8 31. Ra5 Bf4 32. Qd4 Qg6 33. g3 h6 34.
Rc1 Rd8 35. Qc5 Bd6 36. Qb6 Rf8 37. Rc6 Qf6 38. Rf5 Qa1+ 39. Kg2 Rb8 40. Qa5
Qd4 41. Rd5 Bxb4 42. Qc7 1-0

[Event "N�-LL 2007_08"]
[Site "?"]
[Date "2007.11.25"]
[Round "6"]
[White "Sadilek, Maximilian"]
[Black "Weinzettl, Ernst"]
[Result "0-1"]
[WhiteElo "2107"]
[BlackElo "2290"]
[Annotator "P�chlarn : Stockerau"]
[PlyCount "84"]
[EventDate "2007.10.10"]
[SourceDate "2007.11.30"]

1. d4 e6 2. Nf3 c5 3. e4 cxd4 4. Nxd4 Nf6 5. Nc3 Bb4 6. e5 Nd5 7. Bd2 Nxc3 8.
bxc3 Be7 9. Qg4 O-O 10. Bd3 d6 11. Qe4 g6 12. f4 Nd7 13. exd6 Bh4+ 14. g3 Bf6
15. Qe3 Nb6 16. Nb5 Nd5 17. Qc5 b6 18. Qa3 Bb7 19. O-O-O a6 20. Nd4 b5 21. h4
b4 22. cxb4 Bxd4 23. c4 Ne3 24. c5 Nxd1 25. Rxd1 a5 26. h5 axb4 27. Qxb4 Bxc5
28. Qxb7 Ba3+ 29. Kc2 Rb8 30. Qa6 Qxd6 31. Qxd6 Rfc8+ 32. Bc4 Bxd6 33. Kd3 Bb4
34. hxg6 hxg6 35. a4 Bxd2 36. Rxd2 Rb4 37. Bb5 Rb3+ 38. Ke4 Rxg3 39. a5 Ra3 40.
a6 Rc5 41. Be2 f5+ 42. Kd4 Rd5+ 0-1

[Event "N�-LL 2007_08"]
[Site "?"]
[Date "2007.11.25"]
[Round "6"]
[White "Knoll, Hermann"]
[Black "Hangweyrer, Manfred"]
[Result "1/2-1/2"]
[WhiteElo "2373"]
[BlackElo "2372"]
[Annotator "P�chlarn : Stockerau"]
[PlyCount "50"]
[EventDate "2007.10.10"]
[SourceDate "2007.11.30"]

1. e4 d5 2. exd5 Qxd5 3. Nc3 Qd6 4. d4 Nf6 5. Nf3 c6 6. Bd3 Bg4 7. O-O Nbd7 8.
Ne4 Nxe4 9. Bxe4 Nf6 10. Bd3 Bxf3 11. Qxf3 Qxd4 12. Bf4 Qd5 13. Qe2 e6 14. c4
Qh5 15. Qc2 Rd8 16. Rad1 Be7 17. Be2 Qa5 18. Qb3 Rxd1 19. Rxd1 Qb6 20. Qxb6
axb6 21. Bc7 Nd7 22. Rd3 Bd8 23. Bd6 Be7 24. Bc7 Bd8 25. Bd6 Be7 1/2-1/2

[Event "N�-LL 2007_08"]
[Site "?"]
[Date "2007.11.25"]
[Round "6"]
[White "Kranzl, Peter"]
[Black "Schmid, Thomas"]
[Result "1-0"]
[WhiteElo "2234"]
[BlackElo "2201"]
[Annotator "P�chlarn : Stockerau"]
[PlyCount "107"]
[EventDate "2007.10.10"]
[SourceDate "2007.11.30"]

1. e4 c5 2. c3 d5 3. exd5 Qxd5 4. d4 Nf6 5. Nf3 Bg4 6. Be2 e6 7. O-O Nc6 8. Na3
cxd4 9. Nb5 Rc8 10. Nbxd4 Nxd4 11. Nxd4 Bxe2 12. Qxe2 a6 13. Rd1 Be7 14. Nf3
Qe4 15. Qxe4 Nxe4 16. Be3 f6 17. Kf1 e5 18. Rd5 Kf7 19. Rad1 Rhd8 20. Rxd8 Rxd8
21. Rxd8 Bxd8 22. c4 Ke6 23. Ke2 f5 24. Nd2 Nd6 25. f3 Ba5 26. b3 Bb4 27. Kd3
Nc8 28. Nb1 Ne7 29. a3 Bd6 30. g3 h5 31. b4 Ng6 32. Nd2 h4 33. Bf2 h3 34. c5
Bc7 35. Nc4 Ne7 36. a4 g5 37. b5 axb5 38. axb5 Nd5 39. b6 Bb8 40. Na5 g4 41.
fxg4 e4+ 42. Ke2 f4 43. gxf4 Nxf4+ 44. Kf1 Nd3 45. Bg1 Kd5 46. Nxb7 e3 47. Bxe3
Bxh2 48. g5 Be5 49. g6 Ne1 50. Bg1 Nf3 51. Nd6 h2 52. Bxh2 Nxh2+ 53. Kg2 Kc6
54. Nc4 1-0

[Event "N�-LL 2007_08"]
[Site "?"]
[Date "2007.11.25"]
[Round "6"]
[White "Brandst�tter, Friedrich"]
[Black "Rosenauer, Harald"]
[Result "1-0"]
[WhiteElo "2055"]
[BlackElo "1981"]
[Annotator "Waidhofen : B�hlerwerk"]
[PlyCount "57"]
[EventDate "2007.10.10"]
[SourceDate "2007.11.30"]

1. e4 Nf6 2. e5 Nd5 3. d4 d6 4. f4 Bf5 5. Nf3 e6 6. Bd3 Bxd3 7. Qxd3 Nb6 8. O-O
Be7 9. Nc3 Nc6 10. Ne4 Qd7 11. c3 O-O-O 12. b4 f6 13. exd6 Bxd6 14. Bd2 Nd5 15.
b5 Nce7 16. g3 f5 17. Nxd6+ cxd6 18. c4 Nf6 19. Be3 Ne4 20. d5 Kb8 21. Rab1 Rc8
22. Bxa7+ Kxa7 23. b6+ Kb8 24. Qa3 Nc6 25. dxc6 bxc6 26. b7 Rce8 27. Qa8+ Kc7
28. b8=Q+ Rxb8 29. Qa7+ 1-0

[Event "N�-LL 2007_08"]
[Site "Bachwirt, Ardaggerstr. 28"]
[Date "2007.11.25"]
[Round "6"]
[White "Wadsack, Wolfgang"]
[Black "Penz, Harald"]
[Result "1/2-1/2"]
[WhiteElo "2210"]
[BlackElo "2329"]
[Annotator "Amstetten : Mauerbach"]
[PlyCount "30"]
[EventDate "2007.11.25"]
[SourceDate "2007.11.25"]

1. e4 e5 2. Nc3 Nf6 3. Nf3 Nc6 4. d4 exd4 5. Nxd4 Bb4 6. Nxc6 bxc6 7. Bd3 O-O
8. O-O d5 9. exd5 cxd5 10. Bg5 c6 11. Qf3 Bd6 12. Rae1 Rb8 13. Nd1 h6 14. Bxf6
Qxf6 15. Qxf6 gxf6 1/2-1/2

[Event "N�-LL 2007_08"]
[Site "Bachwirt, Ardaggerstr. 28"]
[Date "2007.11.25"]
[Round "6"]
[White "Neumeier, Klaus"]
[Black "Gugler, Edgar"]
[Result "0-1"]
[WhiteElo "2289"]
[BlackElo "2144"]
[Annotator "Amstetten : Mauerbach"]
[PlyCount "70"]
[EventDate "2007.11.25"]
[SourceDate "2007.11.25"]

1. e4 c6 2. d4 g6 3. c4 d5 4. e5 Bg7 5. Nc3 Nh6 6. Nf3 O-O 7. Qb3 dxc4 8. Bxc4
b5 9. Be2 Be6 10. d5 cxd5 11. Qxb5 Ng4 12. Bf4 Nd7 13. O-O Rb8 14. Qa6 Qb6 15.
Rad1 Qxa6 16. Bxa6 Rb6 17. Bb5 Ndxe5 18. a4 a6 19. Nxe5 Nxe5 20. Be3 Rd6 21.
Be2 Rc8 22. Bf4 d4 23. Ne4 Rb6 24. Bxe5 Bxe5 25. Nd2 Rc2 26. b3 Bf4 27. Nc4
Rxb3 28. Na5 Rb4 29. g3 Bc7 30. Bd3 Rc5 31. Bxa6 Rxa5 32. Bb5 Bf5 33. Rfe1 e5
34. Rc1 Bd6 35. Red1 Ra8 {Zeitueberschreitung von Weiss!} 0-1

[Event "N�-LL 2007_08"]
[Site "Bachwirt, Ardaggerstr. 28"]
[Date "2007.11.25"]
[Round "6"]
[White "Bachmayer, Josef"]
[Black "Bechmann, Gerhard"]
[Result "1-0"]
[WhiteElo "2084"]
[BlackElo "2066"]
[Annotator "Amstetten : Mauerbach"]
[PlyCount "89"]
[EventDate "2007.11.25"]
[SourceDate "2007.11.25"]

1. d4 f5 2. Bg5 Nf6 3. Bxf6 exf6 4. e3 c6 5. Bd3 d5 6. Qf3 g6 7. Ne2 Bd6 8.
Nbc3 a5 9. h3 h5 10. O-O-O Kf7 11. g4 fxg4 12. Qg2 Na6 13. a3 Be6 14. f3 b5 15.
fxg4 hxg4 16. hxg4 b4 17. Nb1 bxa3 18. bxa3 Nc7 19. Nf4 Bxf4 20. exf4 Qd7 21.
Rhg1 Rag8 22. Qf3 f5 23. g5 Qd6 24. Rh1 Bd7 25. Rdf1 Ne6 26. Rxh8 Rxh8 27. Qf2
c5 28. dxc5 Nxc5 29. Qd4 Rh4 30. Bc4 Be6 31. Qf6+ Kg8 32. Qxg6+ Kf8 33. Qf6+
Kg8 34. g6 Rh2 35. Bb5 Qb6 36. Nc3 Ne4 37. Nxe4 dxe4 38. Qe5 Bb3 39. Qe8+ Kg7
40. Qe7+ Kg8 41. Qe8+ Kg7 42. Qe5+ Kg8 43. Kb1 Bxc2+ 44. Ka1 Bb3 45. Rd1 1-0

[Event "N�-LL 2007_08"]
[Site "?"]
[Date "2007.11.25"]
[Round "6"]
[White "Kleiser, Gregor"]
[Black "Schroll, Gerhard"]
[Result "0-1"]
[WhiteElo "2302"]
[BlackElo "2386"]
[Annotator "Wr.Neustadt : Niederabsdorf"]
[PlyCount "122"]
[EventDate "2007.10.28"]
[SourceDate "2007.11.25"]

1. e4 e5 2. Nf3 Nf6 3. Nxe5 d6 4. Nf3 Nxe4 5. Qe2 Qe7 6. Nc3 Nxc3 7. Qxe7+ Bxe7
8. dxc3 Nc6 9. Be3 Bf6 10. Nd4 Bd7 11. O-O-O O-O-O 12. Bb5 Ne5 13. Bxd7+ Kxd7
14. h3 Nc4 15. Bf4 Rde8 16. Rhe1 Be5 17. Bxe5 Rxe5 18. Rxe5 Nxe5 19. Nf5 g6 20.
Ne3 f5 21. f4 Nc6 22. Nd5 Ne7 23. Nxe7 Kxe7 24. Re1+ Kf6 25. Kd2 h6 26. h4 Rg8
27. Re2 g5 28. hxg5+ hxg5 29. fxg5+ Rxg5 30. Ke3 Rh5 31. Kf3 Rh1 32. a4 Rf1+
33. Kg3 d5 34. b3 c6 35. Kh4 a5 36. Kg3 Kg5 37. Re7 f4+ 38. Kh2 Rf2 39. Rxb7
Rxc2 40. b4 Rxc3 41. bxa5 Rc4 42. Rb6 Rxa4 43. a6 c5 44. Rd6 d4 45. Rd5+ Kg4
46. Rxc5 Rxa6 47. Rd5 Ra4 48. Rd8 Kf5 49. Kg1 Ke4 50. Re8+ Kd3 51. Rf8 Ke3 52.
Re8+ Kd2 53. Re4 Ra1+ 54. Kf2 d3 55. Rc4 Kd1 56. Rxf4 d2 57. Rd4 Kc2 58. g4 Kc3
59. Rd8 d1=Q 60. Rxd1 Rxd1 61. Ke3 Rd4 0-1

[Event "N�-LL 2007_08"]
[Site "?"]
[Date "2007.11.25"]
[Round "6"]
[White "Posch, Werner"]
[Black "Hansen, Kay"]
[Result "1-0"]
[WhiteElo "2173"]
[BlackElo "2193"]
[Annotator "Wr.Neustadt : Niederabsdorf"]
[PlyCount "69"]
[EventDate "2007.10.28"]
[SourceDate "2007.11.25"]

1. e4 c6 2. d3 d5 3. Nd2 e5 4. Ngf3 Bd6 5. g3 Nf6 6. Bg2 O-O 7. O-O Re8 8. h3
Nbd7 9. Re1 Nf8 10. Nh4 a5 11. a4 Qc7 12. Nf1 Ng6 13. Bg5 Nxh4 14. Bxh4 Be7 15.
Bxf6 Bxf6 16. exd5 cxd5 17. Ne3 d4 18. Nd5 Qd8 19. c4 Ra6 20. b4 axb4 21. Nxb4
Ra7 22. Nd5 Bd7 23. Qb3 Re6 24. Re2 Rea6 25. Rea2 Be7 26. Nxe7+ Qxe7 27. Bxb7
Bxa4 28. Rxa4 Rxb7 29. Qxb7 Qxb7 30. Rxa6 g6 31. c5 e4 32. c6 Qc7 33. dxe4 d3
34. Rd1 Qc8 35. Rxd3 1-0

[Event "N�-LL 2007_08"]
[Site "?"]
[Date "2007.11.25"]
[Round "6"]
[White "Teuber, Andreas"]
[Black "Staberhofer, Rainer"]
[Result "1-0"]
[WhiteElo "2156"]
[BlackElo "2171"]
[Annotator "Wr.Neustadt : Niederabsdorf"]
[PlyCount "79"]
[EventDate "2007.10.28"]
[SourceDate "2007.11.25"]

1. d4 d5 2. Nf3 Nf6 3. e3 c6 4. c4 e6 5. Nc3 Nbd7 6. Qc2 Be7 7. b3 O-O 8. Bd3
Qc7 9. O-O Re8 10. Bb2 Bd6 11. Rac1 g6 12. h3 Bf8 13. a3 Bh6 14. Ne5 Nxe5 15.
dxe5 dxc4 16. exf6 cxd3 17. Qxd3 Rd8 18. Qc4 Bd7 19. Rfd1 Be8 20. Nb5 Qb8 21.
Qh4 Bf8 22. Nd4 Qe5 23. Rd2 c5 24. Nc6 Bxc6 25. Bxe5 Rxd2 26. Bc3 Rd5 27. Ba5
b6 28. Bc3 Rad8 29. Qg4 h5 30. Qe2 Rd3 31. Qb2 Bb7 32. b4 Rd1+ 33. Rxd1 Rxd1+
34. Kh2 Rd5 35. bxc5 Rxc5 36. Bb4 Bd6+ 37. f4 Rc6 38. Bxd6 Rxd6 39. Qe5 Rd7 40.
Qb8+ 1-0

[Event "N�-LL 2007_08"]
[Site "?"]
[Date "2007.11.25"]
[Round "6"]
[White "Todor, Razvan"]
[Black "Wiedermann, Daniel"]
[Result "1-0"]
[WhiteElo "2169"]
[BlackElo "2078"]
[Annotator "Wr.Neustadt : Niederabsdorf"]
[PlyCount "91"]
[EventDate "2007.10.28"]
[SourceDate "2007.11.25"]

1. e4 c5 2. Ne2 Nc6 3. Nbc3 Nf6 4. g3 g6 5. Bg2 Bg7 6. O-O O-O 7. d4 cxd4 8.
Nxd4 Nxe4 9. Nxc6 Nxc3 10. Nxd8 Nxd1 11. Nxb7 Nxb2 12. Bxb2 Bxb2 13. Rab1 Be5
14. Rfe1 Bc7 15. Rxe7 Rb8 16. Rb3 Bb6 17. Nd6 Ba6 18. Bd5 Bc5 19. Rxf7 Rxb3 20.
axb3 Rxf7 21. Nxf7 Kg7 22. Ng5 Be2 23. Kg2 Bd4 24. Bf3 h6 25. Ne4 Ba6 26. c3
Be5 27. Nc5 Bc8 28. c4 d6 29. Nd3 Bd4 30. Be4 a5 31. Kf3 Bd7 32. Ke2 a4 33.
bxa4 Bxa4 34. Nf4 Bb6 35. Bxg6 Bb3 36. Bd3 Ba7 37. Nd5 Ba4 38. h4 Bd4 39. Ne3
Bd7 40. Kf3 Kf6 41. Be4 Ke5 42. Bd5 Bf5 43. Ke2 Kf6 44. f3 h5 45. Nxf5 Kxf5 46.
Bf7 1-0

[Event "N�-LL2007_08"]
[Site "CSCG"]
[Date "2007.12.16"]
[Round "7"]
[White "Wallner, Mag. Erich"]
[Black "Hangweyrer, Manfred"]
[Result "1/2-1/2"]
[WhiteElo "2192"]
[BlackElo "2372"]
[Annotator "Stockerau : St.P�lten"]
[PlyCount "97"]
[EventDate "2007.??.??"]

1. d4 d5 2. Bg5 h6 3. Bh4 c6 4. c3 Qb6 5. Qb3 Bf5 6. Nd2 e6 7. e3 Nd7 8. Ngf3
Ngf6 9. Be2 Bd6 10. O-O O-O 11. Bg3 Qc7 12. Bxd6 Qxd6 13. c4 Rab8 14. Rac1 Rfe8
15. Qc3 Qe7 16. Bd3 Bxd3 17. Qxd3 e5 18. dxe5 Nxe5 19. Nxe5 Qxe5 20. Qc2 Rbd8
21. Nf3 Qh5 22. Rfd1 Re6 23. cxd5 Rxd5 24. Rd4 Rxd4 25. Nxd4 Rd6 26. h3 Rd5 27.
Kf1 Qe5 28. Nf3 Qe6 29. a3 g6 30. Ke2 Ne4 31. Rd1 c5 32. Rxd5 Qxd5 33. Ne1 c4
34. f3 Ng3+ 35. Kf2 Nf5 36. g4 Nd6 37. Ng2 a5 38. Nf4 Qe5 39. Qd2 g5 40. Nh5 f5
41. Ng3 fxg4 42. hxg4 b5 43. Qxa5 Qxb2+ 44. Ne2 Kf7 45. Qc7+ Ke6 46. Qc5 Qd2
47. Kf1 Qd3 48. Kf2 Qd2 49. Kf1 1/2-1/2

Qd3 48. Kf2 Qd2 49. Kf1 1/2-1/2